1253 1968 1395 1421 1842 1573 1570 1849 1091 1257 1965 1294 1110 1071 1253 1014 1908 1270 1059 1035 1868 1418 1598 1240 1498 1467 1189 1888 1196 1411 1658 1957 1407 1868 1918 1367 1512 1223 1052 1800 1962 1013 1028 1451 1861 1675 1286 1083 1859 1159 1854 1563 1312 1476 1250 1916 1542 1363 1831 1796 1675 1210 1103 1655 1245 1739 1341 1465 1087 1019 1216 1549 1865 1329 1725 1387 1597 1361 1892 1662 1832 1235 1702 1827 1641 1126 1781 1616 1587 1341 1069 1712 1326 1366 1090 1353 1429 1094 1288 BCNSPRNW ULIB Ver.6.0+V

เปลี่ยนเป็นภาษาไทย

Change to English
 แสดงรายละเอียดบรรณานุกรม
  กลับหน้าหลัก

Brief Record : Get Marc (ISO 2709) : E-mail record : QR code < ปิดหน้าต่าง
LEADER : 00000nam 2200000uu 4500
001    13399122700
003     ULIB
008    130902s2554||||th 000 0 tha d
020    ^a9789740326625
050    ^aQA76^bณ321ก
100 0  ^aณัฐกร สงคราม
245 10 ^aการออกแบบและพัฒนามัลติมีเดียเพื่อการเรียนรู้ =^bMultimedia for learning : design & development /^cณัฐกร สงคราม
246 31 ^aMultimedia for learning : design & development.
250    ^aพิมพ์ครั้งที่ 2
260    ^aกรุงเทพฯ :^bสำนักพิมพ์แห่งจุฬาลงกรณ์มหาวิทยาลัย,^c2554
300    ^a163 หน้า :^bภาพประกอบสีบางภาพ ;^c26 ซม.
650  4 ^aสื่อการสอน
650  4 ^aระบบมัลติมีเดียในการศึกษา
650  4 ^aระบบมัลติมีเดีย
650  4 ^aคอมพิวเตอร์ช่วยการสอน
945    ^p180^l0^i20142
999    ^aทศพร เกษรทอง
รายการนี้ยังไม่มีแท็ก
คุณยังไม่ได้ล็อกอิน คุณสามารถมีกิจกรรมร่วมกับเว็บไซต์ได้ แต่ต้องล็อกอินก่อน ::
  ล็อกอิน

รายการสื่อสารสนเทศ

ลำดับที่ ประเภท เลขเรียก/บาร์โค้ด สถานที่ สถานะ
1. การศึกษาทั่วไป
การศึกษาทั่วไป
QA76 ณ321ก ฉ.1 
  Barcode: 20142
ห้องสมุดวิทยาเขตนครสวรรค์
►หนังสือทั่วไป:l:General Books
บนชั้น

รายการใกล้เคียง
    ผู้แต่ง [ณัฐกร สงคราม]

    หัวเรื่อง [สื่อการสอน]
    หัวเรื่อง [ระบบมัลติมีเดียในการศึกษา]
    หัวเรื่อง [ระบบมัลติมีเดีย]
    หัวเรื่อง [คอมพิวเตอร์ช่วยการสอน]

BibComment


ยังไม่เคยถูกคอมเมนท์

คอมเมนท์ทรัพยากรรายการนี้
  คอมเมนท์: การออกแบบและพัฒน..


 Copyright 2026. Bcnsprnw @Library